| Tag |
First Indicator |
Second Indicator |
Subfields |
| LEADER |
00000cam a2200000Ia 4500 |
| 001 |
in00000999613 |
| 005 |
20200725063713.0 |
| 008 |
750522s1963 dcuabcd b f001 0 eng |
| 010 |
|
|
|a 62060001
|
| 019 |
|
|
|a 605958891
|a 777869344
|
| 029 |
1 |
|
|a AU@
|b 000001304123
|
| 029 |
1 |
|
|a DEBBG
|b BV022072261
|
| 029 |
1 |
|
|a NZ1
|b 2921115
|
| 029 |
1 |
|
|a NZ1
|b 604729
|
| 035 |
|
|
|a (OCoLC)ocm01351714
|
| 035 |
|
|
|a (OCoLC)1351714
|z (OCoLC)605958891
|z (OCoLC)777869344
|
| 040 |
|
|
|a DLC
|b eng
|c ORL
|d OCL
|d SER
|d XBM
|d IAS
|d OCLCQ
|d OCL
|d HIN
|d VVW
|d KEU
|d NIALS
|d DEBBG
|d AD#
|d ZQP
|d SNM
|d BDX
|d OCLCF
|d OCLCQ
|d OCLCO
|d OCL
|d UtOrBLW
|
| 043 |
|
|
|a e-gx---
|a n-us---
|
| 049 |
|
|
|a TXAM
|
| 050 |
|
0 |
|a D769.A532 vol.3, pt.6
|
| 082 |
0 |
0 |
|a 940.5421
|
| 086 |
0 |
|
|a D 114.7:EU 7/V.7
|
| 100 |
1 |
|
|a MacDonald, Charles B.
|q (Charles Brown),
|d 1922-1990
|0 http://id.loc.gov/authorities/names/n80065749
|
| 245 |
1 |
4 |
|a The Siegfried Line Campaign /
|c by Charles B. MacDonald.
|
| 264 |
|
1 |
|a Washington, D.C. :
|b Office of the Chief of Military History, Dept. of the Army ;
|a [for sale by the Supt. of Docs., U.S. Govt. Print. Off.],
|c 1963.
|
| 300 |
|
|
|a xxi, 670 pages :
|b illustrations, maps (some folded, some color 1 in pocket), portraits, charts ;
|c 26 cm.
|
| 336 |
|
|
|a text
|b txt
|2 rdacontent
|
| 337 |
|
|
|a unmediated
|b n
|2 rdamedia
|
| 338 |
|
|
|a volume
|b nc
|2 rdacarrier
|
| 490 |
1 |
|
|a United States Army in World War II: The European theater of operations
|
| 504 |
|
|
|a Includes bibliographical references and index.
|
| 520 |
|
|
|a The story of the First and Ninth U.S. Armies from the first crossings of the German border in September 1944 to the enemy₂s counteroffensive in the Ardennes in December, including the reduction of Aachen, Huertgen Forest, and Operation MARKET-GARDEN in Holland.
|
| 505 |
0 |
|
|a Breaching the Siegfried Line -- The road to Germany -- The First U.S. Army -- V Corps hits the West Wall -- VII Corps penetrates the Line -- Action on the North Wing -- An airborne carpet in the North -- Operation Market-Garden -- Invasion from the sky -- Decision on the ground -- The approaches to Antwerp -- The Peel Marshes -- The Battle of Aachen -- A set attack against the West Wall -- Closing the circle -- Assault on the city -- The Roer River dams -- The first attack on Schmidt -- The second attack on Schmidt -- The Huertgen Forest -- The big picture in October -- New plans to drive to the Rhine -- VII Corps makes the main effort -- V Corps joins the offensive -- The final fight to break out of the Forest -- Battle of the Roer Plain -- Clearing the inner wings of the armies -- The Roer River offensive -- The Geilenkirchen Salient -- Ninth Army's final push to the Roer -- Conclusion -- The approaches to Dueren -- Objective: the Roer River dams -- The end of the campaign.
|
| 650 |
|
0 |
|a World War, 1939-1945
|x Campaigns
|z Germany.
|0 http://id.loc.gov/authorities/subjects/sh92002012
|
| 610 |
1 |
0 |
|a United States.
|b Army.
|b European Theater of Operations.
|0 http://id.loc.gov/authorities/names/n81035082
|
| 650 |
|
0 |
|a Fortification
|z Germany
|x History
|y 20th century.
|
| 610 |
1 |
7 |
|a United States.
|b Army.
|b European Theater of Operations.
|2 fast
|0 (OCoLC)fst00555436
|
| 611 |
2 |
7 |
|a World War (1939-1945)
|2 fast
|0 (OCoLC)fst01180924
|
| 650 |
|
7 |
|a Fortification.
|2 fast
|0 (OCoLC)fst00933024
|
| 650 |
|
7 |
|a Military campaigns.
|2 fast
|0 (OCoLC)fst01710190
|
| 651 |
|
7 |
|a Germany.
|2 fast
|0 (OCoLC)fst01210272
|
| 650 |
0 |
7 |
|a Angriffsschlacht.
|2 swd
|
| 650 |
0 |
7 |
|a Weltkrieg (1939-1945)
|2 swd
|
| 651 |
|
7 |
|a Frankreich.
|2 swd
|
| 651 |
|
7 |
|a USA.
|2 swd
|
| 648 |
|
7 |
|a Geschichte 1944.
|2 swd
|
| 648 |
|
7 |
|a 1900-1999
|2 fast
|
| 655 |
|
7 |
|a History.
|2 fast
|0 (OCoLC)fst01411628
|
| 776 |
0 |
8 |
|i Online version:
|a MacDonald, Charles Brown, 1922-
|t Siegfried Line Campaign.
|d Washington, Office of the Chief of Military History, Dept. of the Army; [for sale by the Supt. of Docs., U.S. Govt. Print. Off.] 1963
|w (OCoLC)569083909
|
| 830 |
|
0 |
|a United States Army in World War II.
|p European theater of operations.
|0 http://id.loc.gov/authorities/names/n91103929
|
| 856 |
4 |
1 |
|u http://www.history.army.mil/html/books/007/7-7-1/index.html
|t 0
|
| 994 |
|
|
|a C0
|b TXA
|
| 948 |
|
|
|a cataloged
|b h
|c 2016/10/27
|d c
|e mjones
|f 11:48:22 am
|
| 999 |
f |
f |
|s aa8dca31-748b-3741-ad51-c45fb652791c
|i def5b58a-5fe6-3830-abdc-07965c380592
|t 0
|
| 952 |
f |
f |
|p noncirc
|a Texas A&M University
|b College Station
|c Cushing Memorial Library & Archives
|d Cushing: Ragan Military (Does not check out)
|t 0
|e D769 .A533 vol. 3, pt. 6
|h Library of Congress classification
|i unmediated -- volume
|m A1485316609A
|
| 952 |
f |
f |
|p normal
|a Texas A&M University
|b College Station
|c Sterling C. Evans Library
|d Evans: US Documents (Annex 5th floor)
|t 0
|e D 114.7: Eu 7/v.7
|h Superintendent of Documents classification
|i unmediated -- volume
|m A14815200531
|
| 998 |
f |
f |
|a D769 .A533 vol. 3, pt. 6
|t 0
|l Cushing: Ragan Military (Does not check out)
|
| 998 |
f |
f |
|a D 114.7: Eu 7/v.7
|t 0
|l Evans: US Documents (Annex 5th floor)
|